000 01156 a2200217 4500
020 _a0761994076
020 _a9780761994077
082 0 4 _a332.632042
090 _c3048
_d3048
100 1 _aRamasastri, A.
245 1 0 _aQuantitative methods for valuation of financial assets /
_cA Ramasastri.
260 _a[S.l.] :
_bSAGE Publications Pvt. Ltd,
_c2000.
300 _a204 p. ;
_c22 cm.
490 1 _aResponse books.
500 _aHardcover.
520 _aQuantitative Methods for Valuation of Financial Assets is a comprehensive guide to the valuation of bonds, equity, portfolios and options. A S Ramasastri writes in a reader-friendly style, using an interactive question and answer format. Each chapter provides basic background to quantitative methods and application examples. Step-by-step procedures for using spreadsheets to solve example problems with Microsoft Excel are included.
830 0 _aResponse books.
856 4 0 _3Amazon.com
_uhttp://www.amazon.com/exec/obidos/ASIN/0761994076/chopaconline-20
856 4 0 _3Amazon customer reviews
_uhttp://www.chopac.org/cgi-bin/tools/azrev.pl?q=0761994076
942 _aNBS
_cBK
_k332.632042 RAM
999 _c345538
_d345538